000 00290nam a2200133 i 4500
001 bg
100 1 _aVONSOVSKIJ, S.V.
245 0 _aMagnetizm /
_cS.V. Vonsovskij.
260 _aMoskva,
_c1971.
040 _cBPK
041 _apol
942 _cKS
008 s pl f |000 0 pol
999 _c7382
_d7382
856 _uhttp://koha.tu.koszalin.pl/cgi-bin/koha/opac-detail.pl?biblionumber=7382
_yKatalog online BPK